00395nam a2200145Ia 4500003000400000005001700004008004100021020001500062040000900077082001800086100002100104245007200125260004300197300000900240OSt20200617101137.0190216s9999||||xx |||||||||||||| ||und|| a0521552478 coclc a954.03bPRI/K aPrice, Pamela G  0aKingship And Political Practice In Colonial India /cPamela G Price bCambridge Uty Press,c1996.aNew York: a220p